000 00181 a2200097 4500
041 _aeng
100 _aAn Amosco School
245 _aDictionary Spanish
942 _cBK
952 _71
999 _c23270
_d23270